000 01192nam a2200205 a 4500
008 120416s1991 ||||||||||||||||| || u
020 _a034053186X
050 _aQK 711.2 Pla
100 _aRidge, Irene
245 1 0 _aPlant physiology
_cedited by Irene Ridge
260 _aLondon
_bHodder & Stoughton
_c1991
350 _a0.00
650 _aPLANTS
650 _aPLANTS--PHYSIOLOGY
995 _aMAIN LIBRARY OPEN ACCESS
_D0.00
_e734572
_FCBU-MAIN LIBRARY (Kitwe)
_H4
_I40.00
_jQK 711.2 Pla
_M4
_UAVAILABLE
_y48090
_ZMain Library Open Access Collection
995 _aMAIN LIBRARY OPEN ACCESS
_D0.00
_e734339
_FCBU-MAIN LIBRARY (Kitwe)
_H1
_I40.00
_jQK 711.2 Pla
_M1
_UAVAILABLE
_y46490
_ZMain Library Open Access Collection
995 _aMAIN LIBRARY OPEN ACCESS
_D0.00
_e735034
_FCBU-MAIN LIBRARY (Kitwe)
_H3
_I40.00
_jQK 711.2 Pla
_M3
_ULOST
_VMar 11, 2013
_y38249
_ZMain Library Open Access Collection
995 _aANNEX COLLECTION (Main Library)
_D0.00
_e734340
_FCBU-MAIN LIBRARY (Kitwe)
_H5
_I40.00
_jQK 711.2 Pla
_M5
_UAVAILABLE
_y46488
_ZAnnex Low-Usage Collection
995 _aBINDERY (DAMAGED)
_D0.00
_e730808
_FCBU-MAIN LIBRARY (Kitwe)
_H6
_I40.00
_jQK 711.2 Pla
_M6
_UDAMAGED
_y028039
_ZMain Library Open Access Collection
999 _c81969
_d81969